|
|
|
|
| LEADER |
00000nab a2200000 a 4500 |
| 001 |
vtls000442796 |
| 003 |
SK-MaSNL |
| 005 |
20260303134326.0 |
| 008 |
230217c1991 xo 0 cze |
| 015 |
|
|
|a SNBRB19rr/mm-uuuuu
|
| 035 |
|
|
|a CL0442926
|
| 035 |
|
|
|a urn:nbn:sk:snk-abbmhh
|
| 035 |
|
|
|a (urnnbn)urn:nbn:sk:snk:ar-001l4j
|
| 035 |
|
|
|a (uuid)5ed7f940-b247-4580-a71d-ae83fc26e9b9
|
| 040 |
|
|
|a SNKBUCL
|b slo
|c SNKBUCL
|e AACR2
|
| 041 |
0 |
|
|a slo
|
| 044 |
|
|
|a xo
|c SK
|
| 080 |
|
|
|a 669.296.5.017:539.374
|2 1981
|
| 080 |
|
|
|a 539.374
|2 1981
|
| 080 |
|
|
|a 620.18
|2 1981
|
| 245 |
0 |
0 |
|a Nízkoteplotní deformace polykrystalů Zr-Sn ; Zuzanka Trojanová, Pavel Lukáč, Filip Král, Robert Král, Flor F. Lavrentjev, Vladimir N. Nikiforenko
|
| 300 |
|
|
|b Obr. 6. Tb. 1. Grafy 5. Res. angl., lit. 12 zázn. v angl.
|
| 650 |
0 |
7 |
|a zliatiny Zr-Sn
|2 snkbucl
|9 1154352
|
| 650 |
0 |
7 |
|a deformácie nízkoteplotné
|2 snkbucl
|9 1154353
|
| 655 |
|
7 |
|a články z novín a časopisov
|2 snkbucl
|9 267496
|
| 700 |
1 |
|
|a Trojanová, Zuzanka
|4 aut
|9 779407
|
| 700 |
1 |
|
|a Lukáč, Pavel
|4 aut
|9 445328
|
| 700 |
1 |
|
|a Král, Filip
|4 aut
|9 1154354
|
| 700 |
1 |
|
|a Král, Robert
|4 aut
|9 44999
|
| 700 |
1 |
|
|a Lavrentjev, Flor F.
|4 aut
|9 1154355
|
| 700 |
1 |
|
|a Nikiforenko, Vladimir N.
|4 aut
|9 1154356
|
| 773 |
0 |
|
|t Kovové materiály
|g Roč. 29, č. 5 (1991), s. 321-329
|
| 850 |
|
|
|a Slovenská národná knižnica v Martine
|a MTA001
|
| 852 |
|
|
|a SNK
|b KIS3GCP
|
| 958 |
|
|
|a OND
|
| 958 |
|
|
|a NB
|
| 958 |
|
|
|a RK
|
| 958 |
|
|
|a EUIPO
|
| 958 |
|
|
|a article15
|
| 992 |
|
|
|a RBX
|
| 999 |
|
|
|c 1960448
|d 1962378
|